|
|
|
|
| LEADER |
00000cam a2200000 7i4500 |
| 001 |
0000001689 |
| 005 |
20011024.0 |
| 020 |
0 |
0 |
|a 9839592120
|
| 090 |
0 |
0 |
|a 634.9095951
|b KHA 1992
|
| 100 |
0 |
0 |
|a KHAIRUDDIN b. Hj. Kamaruddin
|
| 245 |
1 |
0 |
|a Hutan hujan tropika Semenanjung Malaysia
|c Khairuddin b. Hj. Kamaruddin
|
| 260 |
0 |
0 |
|a Kuala Lumpur :
|b Institut Penyelidikan Perhutanan Malaysia ,
|c 1992
|
| 300 |
|
|
|a 143 p. :
|b col. ill. ;
|c 26 cm.
|
| 500 |
0 |
0 |
|a Bibliography: (p. 127-130) and index
|
| 650 |
0 |
0 |
|a Forests and forestry
|z Peninsular Malaysia
|
| 650 |
0 |
0 |
|a Rain forest fauna
|z Peninsular Malaysia
|
| 650 |
0 |
0 |
|a Rain forest plants
|z Peninsular Malaysia
|
| 650 |
0 |
0 |
|a Rain forests
|z Peninsular Malaysia
|
| 710 |
1 |
1 |
|a Forest Research Institute Malaysia (FRIM)
|
| 998 |
|
|
|a JPSM
|
| 999 |
|
|
|a 0000002561
|b Monograph
|c Open Shelf
|e Default branch
|